Landlocked countries - Statistics

General Stats
  • This quiz has been taken 36 times
  • The average score is 35 of 44
Answer Stats
Answer % Correct
Mongolia
97%
Paraguay
97%
Bolivia
93%
Kyrgyzstan
93%
Chad
90%
Liechtenstein
90%
Slovakia
90%
Switzerland
90%
Tajikistan
90%
Turkmenistan
90%
Austria
86%
Czechia
86%
Kazakhstan
86%
Luxembourg
86%
Mali
86%
Central African Republic
83%
Hungary
83%
Nepal
83%
Uganda
83%
Uzbekistan
83%
Zambia
83%
Zimbabwe
83%
Andorra
79%
Belarus
79%
Bhutan
79%
Malawi
79%
Rwanda
79%
Serbia
79%
South Sudan
79%
Afghanistan
76%
Burkina Faso
76%
Burundi
76%
Ethiopia
76%
Vatican City
76%
Eswatini
72%
Kosovo
72%
Laos
72%
Lesotho
72%
Moldova
72%
Armenia
66%
Botswana
66%
San Marino
66%
Azerbaijan
62%
North Macedonia
59%
No matching quizzes found
Score Distribution
Percent of People with Each Score
Percentile by Number Answered
Your Score History
You have not taken this quiz